Welcome to Marium Abdulla Library

Embrace knowledge with a breath of fresh air.

Browse Collection

Marium Abdulla Library

Trauma : explorations in memory (Record no. 11844)

MARC details
000 -LEADER
fixed length control field 00389nam a2200169Ia 4500
001 - CONTROL NUMBER
control field 12898
005 - DATE AND TIME OF LATEST TRANSACTION
control field 20250626030613.0
008 - FIXED-LENGTH DATA ELEMENTS--GENERAL INFORMATION
fixed length control field 211022s9999 xx 000 0 und d
082 ## - DEWEY DECIMAL CLASSIFICATION NUMBER
Classification number 155.935 CAR
100 ## - MAIN ENTRY--PERSONAL NAME
Personal name Caruth, Cathy
245 #0 - TITLE STATEMENT
Title Trauma : explorations in memory
260 ## - PUBLICATION, DISTRIBUTION, ETC.
Place of publication, distribution, etc. Baltimore
260 ## - PUBLICATION, DISTRIBUTION, ETC.
Name of publisher, distributor, etc. Johns Hopkins Univ. Press
260 ## - PUBLICATION, DISTRIBUTION, ETC.
Date of publication, distribution, etc. 1996
300 ## - PHYSICAL DESCRIPTION
Extent 277
942 ## - ADDED ENTRY ELEMENTS (KOHA)
Koha item type Book
Holdings
Date last seen Total checkouts Total renewals Full call number Barcode Date due Date last checked out Price effective from Koha item type Lost status Damaged status Not for loan Collection Withdrawn status Home library Current library Shelving location Date acquired Source of acquisition Cost, normal purchase price
01/27/2026 4 1 155.935 CAR 12898 03/30/2026 01/27/2026 10/26/2021 Book       Liberal Arts   Marium Abdulla Library Marium Abdulla Library Non-Ref 05/16/2017 Progressive International 2500.00